|
|
|
|
| LEADER |
00000cam a2200000 i 4500 |
| 001 |
1/48319 |
| 008 |
941103s1989####gr | | ||| |||| ||gre|| |
| 035 |
|
|
|a 1991
|c ΔΩΡΕΑ
|l 10043303
|
| 035 |
|
|
|a 1991
|b 2
|c Δωρεά
|
| 040 |
|
|
|a GR-MY-UA
|b gre
|e aacr
|
| 041 |
0 |
|
|a gre
|a eng
|
| 082 |
0 |
|
|a 778.943499
|
| 100 |
1 |
|
|a Ταλιάνης, Δημήτρης,
|d 1948-
|
| 245 |
1 |
0 |
|a Σκουριά κι αρμύρα =
|b Rust and brine /
|c Δημήτρης Ταλιάνης.
|
| 246 |
1 |
|
|i Παράλληλος τίτλος:
|a Rust and brine
|
| 260 |
|
|
|a Αθήνα :
|b [χ.ο.],
|c c1989.
|
| 300 |
|
|
|a 141 σ. :
|b φωτ. ;
|c 29 εκ.
|
| 650 |
0 |
0 |
|a Photograph albums.
|
| 650 |
0 |
0 |
|a Nature photography.
|
| 650 |
0 |
0 |
|a Photography, Artistic.
|
| 650 |
0 |
0 |
|a Photography
|z Greece.
|
| 852 |
|
|
|a INST
|b CHIOS
|e 19960809
|h 779.98891 ΤΑΛ
|p 005200009258
|q 005200009258
|t BK
|y 0
|
| 852 |
|
|
|a INST
|b LESVOS
|e 19960925
|h 779.98891 ΤΑΛ
|p 005100009194
|q 005100009194
|t BK
|y 0
|
| 852 |
|
|
|a INST
|b RHODES
|e 19960306
|h 779.9437495 ΤΑΛ
|p 005400002823
|q 005400002823
|t BK
|y 0
|
| 852 |
|
|
|a INST
|b SAMOS
|e 19941103
|h 778.943499 ΤΑΛ
|p 005300004121
|q 005300004121
|t BK
|y 0
|
| 909 |
|
|
|a Σ
|b 020330
|
| 909 |
|
|
|a Ρ
|b 017651
|c 1991
|
| 909 |
|
|
|a Χ
|b 020301
|
| 909 |
|
|
|a Λ
|b 040615
|